On Wendel’s equality for intersections of balls
We study the analogue of Wendel’s equality in random polytope models in which the hull of the random points is formed by intersections of congruent balls, called the spindle (or hyper-) convex hull. According to the classical identity of Wendel the probability that the origin is contained in the (li...
Elmentve itt :
| Szerzők: | |
|---|---|
| Dokumentumtípus: | Cikk |
| Megjelent: |
2023
|
| Sorozat: | AEQUATIONES MATHEMATICAE
97 |
| Tárgyszavak: | |
| doi: | 10.1007/s00010-022-00912-3 |
| mtmt: | 33087920 |
| Online Access: | http://publicatio.bibl.u-szeged.hu/29138 |
| LEADER | 01607nab a2200241 i 4500 | ||
|---|---|---|---|
| 001 | publ29138 | ||
| 005 | 20231218131436.0 | ||
| 008 | 231218s2023 hu o 0|| Angol d | ||
| 022 | |a 0001-9054 | ||
| 024 | 7 | |a 10.1007/s00010-022-00912-3 |2 doi | |
| 024 | 7 | |a 33087920 |2 mtmt | |
| 040 | |a SZTE Publicatio Repozitórium |b hun | ||
| 041 | |a Angol | ||
| 100 | 1 | |a Fodor Ferenc | |
| 245 | 1 | 3 | |a On Wendel’s equality for intersections of balls |h [elektronikus dokumentum] / |c Fodor Ferenc |
| 260 | |c 2023 | ||
| 300 | |a 439-451 | ||
| 490 | 0 | |a AEQUATIONES MATHEMATICAE |v 97 | |
| 520 | 3 | |a We study the analogue of Wendel’s equality in random polytope models in which the hull of the random points is formed by intersections of congruent balls, called the spindle (or hyper-) convex hull. According to the classical identity of Wendel the probability that the origin is contained in the (linear) convex hull of n i.i.d. random points distributed according to an origin symmetric probability distribution in the d -dimensional Euclidean space \mathbb {R}^{d} R d that assigns measure zero to hyperplanes is a constant depending only on n and d . While in the classical convex case one gets nonzero probabilities only for n\ge d+1 n ≥ d + 1 points in \mathbb {R}^{d} R d , for the spindle convex hull this happens for all n\ge 2 n ≥ 2 . We study this question for the uniform and normally distributed random models. | |
| 650 | 4 | |a Matematika | |
| 700 | 0 | 2 | |a Montenegro Pinzon Nicolas Alexander |e aut |
| 700 | 0 | 2 | |a Vígh Viktor |e aut |
| 856 | 4 | 0 | |u http://publicatio.bibl.u-szeged.hu/29138/1/s00010-022-00912-3.pdf |z Dokumentum-elérés |